Plans locals d'educació permanent (PLEP)
ISBN:
84-9803-116-8
Descripción Física:
53 p. : gràfics ; 28 cm
Colección:
Guies metodològiques ; 8
Materias:
Educació permanent
MARC
| LEADER | 00000nam a2200000Ia 4500 | ||
|---|---|---|---|
| 001 | 17656 | ||
| 008 | 160829s2006 xx 000 0 cat d | ||
| 020 | |a 84-9803-116-8 | ||
| 080 | |a M-5-208 | ||
| 245 | |a Plans locals d'educació permanent (PLEP) | ||
| 260 | |a Barcelona : |b Diputació de Barcelona. Àrea d'Educació, |c 2006 | ||
| 300 | |a 53 p. : |b gràfics ; |c 28 cm | ||
| 490 | |a Guies metodològiques ; 8 | ||
| 650 | 0 | |a Educació permanent |9 31514 | |
| 710 | |a Barcelona (Catalunya : Província). |b Àrea d'Educació |9 8009 | ||
| 901 | |a Arxiu | ||
| 942 | |n 1 | ||
| 952 | |0 0 |1 0 |4 0 |6 M5208 |7 1 |9 42099 |a Arxiu |b Arxiu |d 2016-12-01 |l 0 |o M-5-208 |p 17656 |r 2016-12-01 00:00:00 |w 2016-12-01 |y ARXIU | ||
| 999 | |c 44546 |d 44546 | ||